Doctor Who characters (new series) Quiz Stats

 Plays Quiz not verified by Sporcle

Challenge
Share
Tweet
Score 0/35 Timer 06:00
0 Plays Today
% Correct
The Doctor
95.9%
Amy Pond
93.6%
Rose Tyler
93%
Rory Williams
90.8%
Martha Jones
86.6%
Donna Noble
86.4%
River Song
86.4%
Captain Jack Harkness
85.6%
K-9
85.2%
Mickey Smith
84.6%
Jackie Tyler
82.9%
The Master
81.3%
Sarah Jane Smith
78.6%
Vincent van Gogh
71.5%
Wilfred Mott
65.2%
Peter Tyler
61.5%
Jenny
61.2%
Sally Sparrow
56.9%
% Correct
Davros
56.9%
Harriet Jones
55.6%
Alonso Frame
54.7%
Charles Dickens
52.8%
Astrid Peth
51.1%
Agatha Christie
50.3%
William Shakespeare
41.2%
Madame De Pompadour
40.7%
Christina De Souza
33.8%
Liz 10
32.1%
Joan Redfern
29.8%
Francine Jones
25.2%
Adelaide Brook
22.9%
Yvonne Hartman
22.3%
Novice Hame
20.3%
Mrs Foster/Matron Cofelia
18.7%
Mr Finch
14.5%

You're not logged in!

Compare scores with friends on all Sporcle quizzes.
OR
Log In

You Might Also Like...

Show Comments

Extras

Created Jan 18, 2011ReportNominate
Tags:character, doctor

Top Quizzes Today


Score Distribution

Your Account Isn't Verified!

In order to create a playlist on Sporcle, you need to verify the email address you used during registration. Go to your Sporcle Settings to finish the process.

Report this User

Report this user for behavior that violates our Community Guidelines.

Details: